Net debt in the Canadian public accounts: Its emergence, evolution and entrenchment (Record no. 93419)

000 -LEADER
fixed length control field 00491pab a2200181 454500
008 - FIXED-LENGTH DATA ELEMENTS--GENERAL INFORMATION
fixed length control field 180718b2011 xxu||||| |||| 00| 0 eng d
100 ## - MAIN ENTRY--PERSONAL NAME
Personal name Baker, Ron
245 ## - TITLE STATEMENT
Title Net debt in the Canadian public accounts: Its emergence, evolution and entrenchment
260 ## - PUBLICATION, DISTRIBUTION, ETC.
Date of publication, distribution, etc. 2011
300 ## - PHYSICAL DESCRIPTION
Extent p.359-375.
362 ## - DATES OF PUBLICATION AND/OR SEQUENTIAL DESIGNATION
Dates of publication and/or sequential designation Sep
650 ## - SUBJECT ADDED ENTRY--TOPICAL TERM
Topical term or geographic name entry element Public finance - Canada
650 ## - SUBJECT ADDED ENTRY--TOPICAL TERM
Topical term or geographic name entry element Public finance
700 ## - ADDED ENTRY--PERSONAL NAME
Personal name Rennie, Morina
773 ## - HOST ITEM ENTRY
Main entry heading Canadian Public Administration
908 ## - PUT COMMAND PARAMETER (RLIN)
Put command parameter N
909 ## -
-- 93419
Holdings
Withdrawn status Lost status Damaged status Not for loan Permanent Location Current Location Date acquired Serial Enumeration / chronology Barcode Date last seen Price effective from Koha item type
        Indian Institute of Public Administration Indian Institute of Public Administration 2018-07-19 Volume no: 54, Issue no: 3 AR93879 2018-07-19 2018-07-19 Articles

Powered by Koha